Same Name Slideshow V Quiz Stats

 Plays Quiz Updated Dec 2, 2017

Challenge
Share
Tweet
Score 0/20 Timer 06:00
2 Plays Today
% Correct
Justin (Bieber/Timberlake)
99%
Ellen (Page/DeGeneres)
96.1%
Ben (Stiller/Affleck)
91.8%
Matthew (McConaughey/Perry)
90.4%
David (Beckham/Spade)
90.1%
Jimmy (Fallon/Kimmel)
90%
Hugh (Grant/Jackman)
89%
Woody (Allen/Harrelson)
87.6%
Robert (Duvall/Downey, Jr.)
84.8%
Kevin (Costner/Bacon)
84.5%
% Correct
Steve (Carell/Harvey)
84.1%
Amy (Poehler/Adams)
82.8%
Sean (Paul/Connery)
81.8%
Frank (Sinatra/Ocean)
81%
Daniel (Craig/Day-Lewis)
79.7%
Kelly (Ripa/Clarkson)
73.5%
Julianne (Moore/Hough)
63.1%
Kate (Beckinsale/McKinnon)
59.2%
Missy (Franklin/Elliott)
55.4%
Heather (Locklear/Graham)
53%

You're not logged in!

Compare scores with friends on all Sporcle quizzes.
OR
Log In

You Might Also Like...

Show Comments

Extras

Top Quizzes Today


Score Distribution

Your Account Isn't Verified!

In order to create a playlist on Sporcle, you need to verify the email address you used during registration. Go to your Sporcle Settings to finish the process.

Report this User

Report this user for behavior that violates our Community Guidelines.

Details: